आचार्य शुक्ल और उनकी चिन्तामणि / (Record no. 119961)
[ view plain ]
| 000 -LEADER | |
|---|---|
| fixed length control field | 01332nam a22002777a 4500 |
| 005 - DATE AND TIME OF LATEST TRANSACTION | |
| control field | 20170124103150.0 |
| 010 ## - LIBRARY OF CONGRESS CONTROL NUMBER | |
| LC control number | A-561531 |
| 020 ## - INTERNATIONAL STANDARD BOOK NUMBER | |
| Terms of availability | 04.50 |
| 035 ## - SYSTEM CONTROL NUMBER | |
| System control number | A-561531 |
| 037 ## - SOURCE OF ACQUISITION | |
| Source of stock number/acquisition | Cen Lib/Ret |
| 040 ## - CATALOGING SOURCE | |
| Original cataloging agency | DPL |
| Language of cataloging | HN |
| 082 ## - DEWEY DECIMAL CLASSIFICATION NUMBER | |
| Classification number | 824 |
| Item number | चतुर्वे |
| 100 ## - MAIN ENTRY--PERSONAL NAME | |
| Personal name | चतुर्वेदी, राजेश्वर प्रसाद |
| 9 (RLIN) | 87867 |
| 245 ## - TITLE STATEMENT | |
| Title | आचार्य शुक्ल और उनकी चिन्तामणि / |
| Statement of responsibility, etc | राजेश्वर प्रसाद चतुर्वेदी |
| 246 ## - VARYING FORM OF TITLE | |
| Title proper/short title | Acharya Shukl aur unki chintamani / |
| Remainder of title | by Rajeshwar Prasad Chaturvedi |
| 250 ## - EDITION STATEMENT | |
| Edition statement | द्वितीय संस्करण |
| 260 ## - PUBLICATION, DISTRIBUTION, ETC. (IMPRINT) | |
| Place of publication, distribution, etc | दिल्ली |
| Name of publisher, distributor, etc | रीगल बुक डिपो |
| Date of publication, distribution, etc | 1970 |
| 270 ## - ADDRESS | |
| City | दिल्ली |
| Address | नई सड़क |
| Postal code | 110006 |
| 300 ## - PHYSICAL DESCRIPTION | |
| Extent | 304पृ. |
| Dimensions | 17सेमी(सजिल्द) |
| 500 ## - GENERAL NOTE | |
| General note | अनुक्रमाणिका शामिल |
| 650 ## - SUBJECT ADDED ENTRY--TOPICAL TERM | |
| Topical term or geographic name as entry element | हिन्दी -- साहित्य |
| 9 (RLIN) | 87868 |
| 650 ## - SUBJECT ADDED ENTRY--TOPICAL TERM | |
| Topical term or geographic name as entry element | शुक्लजी -- समीक्षात्मक एवं विचारात्मक निबंध |
| 9 (RLIN) | 87869 |
| 650 ## - SUBJECT ADDED ENTRY--TOPICAL TERM | |
| Topical term or geographic name as entry element | Hindi literature |
| 9 (RLIN) | 87870 |
| 650 ## - SUBJECT ADDED ENTRY--TOPICAL TERM | |
| Topical term or geographic name as entry element | Shuklji - critical and reflective essay |
| 9 (RLIN) | 87871 |
| 942 ## - ADDED ENTRY ELEMENTS (KOHA) | |
| Source of classification or shelving scheme | Dewey Decimal Classification |
| Koha item type | Hindi Books |
| Classification part | 824 |
| Call number suffix | चतुर्वे |
| Withdrawn status | Lost status | Damaged status | Not for loan | Home library | Current library | Date acquired | Source of acquisition | Cost, normal purchase price | Total Checkouts | Full call number | Barcode | Date last seen | Copy number | Cost, replacement price | Price effective from | Koha item type |
|---|---|---|---|---|---|---|---|---|---|---|---|---|---|---|---|---|
| Central Library | Central Library | 19/09/2015 | Cen Lib/Ret | 4.50 | 824 चतुर्वे | A-561531 | 19/09/2015 | 1 | 4.50 | 19/09/2015 | Hindi Books |
